Normal view
MARC view
- Kith,محرر/Maloney,sheelagh محرر
Entry Personal Name
001 - CONTROL NUMBER
- control field: 88
003 - CONTROL NUMBER IDENTIFIER
- control field: JO-AjAnu
005 - DATE AND TIME OF LATEST TRANSACTION
- control field: 20230606070320.0
008 - FIXED-LENGTH DATA ELEMENTS
- fixed length control field: 230606|| aca||aabn | a|a d
040 ## - CATALOGING SOURCE
- Original cataloging agency: JO-AjAnu
- Transcribing agency: JO-AjAnu
100 ## - HEADING--PERSONAL NAME
- Personal name: Kith,محرر/Maloney,sheelagh محرر
670 ## - SOURCE DATA FOUND
- Source citation: Work cat.: (JO-AjAnu)48: Kith,محرر/Maloney,sheelagh محرر, author, The Routledge Falmer Reader in Inclusive Education